[Event "SVK ECo-C Extraliga 2018-19"]
[Site "Slovakia"]
[Date "2019.02.17"]
[Round "6.8"]
[White "Motycakova, Monika"]
[Black "Csonka, Attila Istvan"]
[Result "0-1"]
[WhiteElo "2156"]
[BlackElo "2352"]
[Annotator "NA"]
[PlyCount "110"]
[EventDate "2018.11.10"]
[EventType "team-tourn"]
[EventCountry "SVK"]
[SourceTitle "playchess.com"]
[Source "ChessBase"]
[SourceQuality "1"]
[WhiteTeam "Liptovska"]
[BlackTeam "Streda"]
[TimeControl "40/5400+30:1800+30"]

1. e4 {[%emt 0:01:47]} c5 {[%emt 0:00:00]} 2. Nf3 {[%emt 0:00:11]} e6 {[%emt 0:00:00]} 3. d4 {[%emt 0:00:04]} cxd4 {[%emt 0:00:00]} 4. Nxd4 {[%emt 0:00:05]} a6 {[%emt 0:00:00]} 5. Be2 {[%emt 0:06:54]} Nf6 {[%emt 0:01:45]} 6. Nc3 {[%emt 0:00:31]} Qc7 {[%emt 0:00:30]} 7. O-O {[%emt 0:00:38]} Bb4 {[%emt 0:00:24]} 8. Qd3 {[%emt 0:05:58]} Nc6 {[%emt 0:00:45]} 9. Nxc6 {[%emt 0:03:24]} bxc6 {[%emt 0:00:30]} 10. Be3 {[%emt 0:06:35]} d5 {[%emt 0:04:19]} 11. exd5 {[%emt 0:07:51]} cxd5 {[%emt 0:01:52]} 12. Bd4 {[%emt 0:05:36]} Be7 {[%emt 0:01:56]} 13. f4 {[%emt 0:01:06]} O-O {[%emt 0:02:41]} 14. Kh1 {[%emt 0:15:13]} Bb7 {[%emt 0:04:26]} 15. Rf3 {[%emt 0:02:16]} Ne4 {[%emt 0:04:22]} 16. Raf1 {[%emt 0:02:00]} f5 {[%emt 0:03:01]} 17. Rh3 {[%emt 0:05:45]} Bf6 {[%emt 0:02:59]} 18. Bd1 {[%emt 0:11:01]} Rac8 {[%emt 0:02:25]} 19. Ne2 {[%emt 0:01:23]} Bc6 {[%emt 0:02:38]} 20. Bxf6 {[%emt 0:05:17]} Rxf6 {[%emt 0:01:26]} 21. Nd4 {[%emt 0:00:44]} Bb5 {[%emt 0:01:09]} 22. Nxb5 {[%emt 0:01:44]} axb5 {[%emt 0:00:14]} 23. Qxb5 {[%emt 0:00:03]} Rb8 {[%emt 0:00:34]} 24. Qa4 {[%emt 0:01:50]} Qc5 {[%emt 0:02:14]} 25. Rhf3 {[%emt 0:06:47]} Rf7 {[%emt 0:01:44]} 26. b4 {[%emt 0:04:56]} Qxb4 {[%emt 0:04:11]} 27. Qxb4 {[%emt 0:00:06]} Rxb4 {[%emt 0:00:04]} 28. Ra3 {[%emt 0:00:19]} Rc7 {[%emt 0:00:43]} 29. g3 {[%emt 0:00:53]} Rd4 {[%emt 0:01:05]} 30. Rd3 {[%emt 0:02:06]} Ra4 {[%emt 0:01:14]} 31. c4 {[%emt 0:01:33]} Rxa2 {[%emt 0:00:53]} 32. cxd5 {[%emt 0:00:12]} Nf2+ {[%emt 0:00:32]} 33. Rxf2 {[%emt 0:00:21]} Rxf2 {[%emt 0:00:06]} 34. dxe6 {[%emt 0:00:31]} Kf8 {[%emt 0:00:07]} 35. Kg1 {[%emt 0:00:48]} Rb2 {[%emt 0:00:08]} 36. Re3 {[%emt 0:00:56]} Ke7 {[%emt 0:00:24]} 37. Rb3 {[%emt 0:00:27]} Rd2 {[%emt 0:00:37]} 38. Rb1 {[%emt 0:00:18]} Kxe6 {[%emt 0:00:22]} 39. Bf3 {[%emt 0:00:45]} Rc3 {[%emt 0:00:50]} 40. Rf1 {[%emt 0:00:30]} h6 {[%emt 0:01:05]} 41. h4 {[%emt 0:18:29]} g6 {[%emt 0:00:37]} 42. Rf2 {[%emt 0:01:16]} Rcc2 {[%emt 0:01:36]} 43. Rxd2 {[%emt 0:03:41]} Rxd2 {[%emt 0:00:11]} 44. Bb7 {[%emt 0:03:15]} Kd6 {[%emt 0:00:44]} 45. Ba8 {[%emt 0:00:50]} Kc5 {[%emt 0:00:06]} 46. Bb7 {[%emt 0:00:03]} Kd4 {[%emt 0:00:06]} 47. Ba8 {[%emt 0:00:43]} Ke3 {[%emt 0:00:43]} 48. Bc6 {[%emt 0:00:18]} Rd6 {[%emt 0:00:24]} 49. Bb7 {[%emt 0:04:17]} g5 {[%emt 0:00:21]} 50. hxg5 {[%emt 0:00:48]} hxg5 {[%emt 0:00:06]} 51. fxg5 {[%emt 0:00:18]} Rg6 {[%emt 0:00:07]} 52. Kg2 {[%emt 0:00:45]} Rxg5 {[%emt 0:00:08]} 53. Bf3 {[%emt 0:00:32]} f4 {[%emt 0:00:09]} 54. g4 {[%emt 0:00:02]} Rb5 {[%emt 0:00:32]} 55. Bc6 {[%emt 0:00:14]} Rb2+ {[%emt 0:00:23]} 0-1

[Event "SVK ECo-C Extraliga 2018-19"]
[Site "Slovakia"]
[Date "2019.02.17"]
[Round "6.8"]
[White "Szucs, Vladimir"]
[Black "Lintner, Igor"]
[Result "1/2-1/2"]
[WhiteElo "2155"]
[BlackElo "2165"]
[Annotator "NA"]
[PlyCount "37"]
[EventDate "2018.11.10"]
[EventType "team-tourn"]
[EventCountry "SVK"]
[SourceTitle "playchess.com"]
[Source "ChessBase"]
[SourceQuality "1"]
[WhiteTeam "Podhajska"]
[BlackTeam "Osuske"]
[TimeControl "40/5400+30:1800+30"]

1. d4 {[%emt 0:00:00]} e6 {[%emt 0:00:00]} 2. c4 {[%emt 0:00:02]} Bb4+ {[%emt 0:00:28]} 3. Bd2 {[%emt 0:00:19]} a5 {[%emt 0:00:21]} 4. Nf3 {[%emt 0:00:37]} Nc6 {[%emt 0:01:38]} 5. Nc3 {[%emt 0:01:34]} d6 {[%emt 0:00:59]} 6. a3 {[%emt 0:04:47]} Bxc3 {[%emt 0:00:10]} 7. Bxc3 {[%emt 0:00:04]} d5 {[%emt 0:07:55]} 8. e3 {[%emt 0:01:55]} Nf6 {[%emt 0:00:54]} 9. Bd3 {[%emt 0:01:26]} O-O {[%emt 0:21:27]} 10. O-O {[%emt 0:03:49]} b6 {[%emt 0:06:25]} 11. Rc1 {[%emt 0:04:53]} Bb7 {[%emt 0:04:15]} 12. Qc2 {[%emt 0:04:46]} dxc4 {[%emt 0:09:04]} 13. Bxc4 {[%emt 0:00:10]} Ne7 {[%emt 0:01:17]} 14. Ne5 {[%emt 0:02:31]} Qd6 {[%emt 0:04:03]} 15. Be2 {[%emt 0:07:26]} Rfc8 {[%emt 0:08:45]} 16. Bf3 {[%emt 0:05:52]} Bxf3 {[%emt 0:06:51]} 17. Nxf3 {[%emt 0:00:04]} Qd5 {[%emt 0:04:27]} 18. Qe2 {[%emt 0:03:14]} Ne4 {[%emt 0:03:50]} 19. Nd2 {[%emt 0:04:19]} 1/2-1/2

[Event "SVK ECo-C Extraliga 2018-19"]
[Site "Slovakia"]
[Date "2019.02.17"]
[Round "6.8"]
[White "Kopera, Michal"]
[Black "Petran, Peter"]
[Result "0-1"]
[WhiteElo "2152"]
[BlackElo "2252"]
[Annotator "TA"]
[PlyCount "164"]
[EventDate "2018.11.10"]
[EventType "team-tourn"]
[EventCountry "SVK"]
[SourceTitle "playchess.com"]
[Source "ChessBase"]
[SourceQuality "1"]
[WhiteTeam "Zilina"]
[BlackTeam "Slovan"]

{[%evp 13,163,75,63,35,31,26,36,26,33,20,30,12,33,16,20,0,0,0,20,0,0,0,7,8,8,6,22,22,22,0,22,14,29,0,22,22,25,0,1,0,12,0,0,-7,-7,-28,-28,-28,-18,-8,-11,-8,38,-25,43,-1,-1,-9,0,-16,-8,-13,-14,-18,0,0,0,0,13,3,16,0,0,0,0,0,0,0,0,0,15,0,41,0,54,34,75,0,20,10,72,42,47,34,62,45,51,52,77,0,0,0,0,0,0,0,0,0,0,0,0,-8,0,-12,-16,-18,-4,-543,-499,-913,-861,-798,-727,-29963,-29969,-29977,-29978,-29978,-29979,-29979,-29980,-29980,-29980,-29981,-29982,-29984,-29980,-29991,-29992,-29992,-29993,-29994,-29995,-29995,-29996,-29996,-29997,-29997,-29998,-29998,-29999,-29999]} 1. e4 c6 2. d4 d5 3. Nc3 dxe4 4. Nxe4 Nf6 5. Nxf6+ gxf6 6. Nf3 Bf5 7. Bd3 Bg6 8. h4 {B16: Caro-Kann: Bronstein-Larsen Variation} (8. Bf4 e6 9. O-O Bg7 10. Qe2 O-O 11. Rad1 Re8 12. Bg3 Nd7 13. Rfe1 Qa5 14. Nd2 Nb6 15. c4 Qh5 16. Bxg6 hxg6 17. Qxh5 gxh5 {½-½ (82) Howell,D (2603)-Polgar,J (2710) Caleta 2012}) 8... Bh5 9. Be2 Nd7 $146 ({Predecessor:} 9... e6 10. Bf4 Qb6 11. O-O Nd7 12. b3 Be7 13. c4 Rg8 14. a4 Qd8 15. d5 e5 {0-1 (28) Rebber,C (1902)-Janning,R (1895) Germany 2012}) 10. c3 {White is slightly better.} Qc7 11. g3 e6 12. Bf4 Bd6 13. Bxd6 Qxd6 14. Qb3 O-O-O 15. O-O-O f5 16. Ng1 Bxe2 17. Nxe2 Nf6 18. Nf4 Ne4 19. Nd3 Rhg8 20. Rhe1 Qc7 21. Re2 Qe7 22. Ne5 Nf6 23. Nd3 Qc7 24. Qc2 b6 25. Qa4 Kb7 26. Qb3 a5 27. Nf4 (27. Kb1 {looks sharper.} Rd6 28. Ree1 Rd5 29. Qc2 Rgd8 30. Ne5) 27... Nd5 28. Nxd5 (28. Nd3 {is more complex.} Nf6) 28... cxd5 29. Re5 Rg4 30. Qc2 Rdg8 31. Qd2 R8g6 32. Kb1 Rf6 33. Qe2 (33. h5 $14) 33... Qc6 ({Black should try} 33... Re4 $11 34. Qb5 Rxe5 35. dxe5 Qxe5) 34. Re3 Rfg6 35. Rf3 b5 36. a3 Qc4 37. Qe5 Qc7 38. Qh8 Rg7 39. Qe8 Kb6 40. a4 bxa4 41. Qxa4 Qc6 42. Qa3 Rg8 43. Kc2 Rc8 44. Kd2 Qb5 45. Ra1 Rc7 46. Re3 Rg8 47. Ree1 Ra8 48. Rg1 h5 (48... e5 $11) 49. Rgb1 Kb7 50. b3 ({White should play} 50. Qa4 $16 Qxa4 51. Rxa4) 50... Qb6 51. Qa4 Qc6 (51... Rcc8 $1 $11) 52. Qxc6+ (52. c4 {is interesting.} Qxa4 53. bxa4+ Kc6 54. c5 Rg8 55. Rb6+) 52... Rxc6 $16 {[%mdl 4096] Endgame KRR-KRR} 53. Ra4 Rac8 54. c4 dxc4 55. bxc4+ Rb6 56. Rxb6+ (56. Rba1 $16) 56... Kxb6 {KR-KR} 57. Kd3 Rg8 58. Ke3 Rg4 59. Ra2 e5 60. Rb2+ Ka6 61. dxe5 Rxc4 62. f3 Rb4 63. Rd2 a4 64. Rd8 Kb5 {And now ...a3 would win.} 65. Rd7 $2 {[%mdl 8192] [#]} (65. Ra8 $1 $11) 65... a3 $1 $19 66. Rb7+ (66. Rxf7 $142 Ka6 67. Rf8) 66... Kc4 67. Rxf7 {[#]} Ra4 $1 68. Rd7 a2 {Black mates.} 69. Rd4+ Kb5 70. Rd1 a1=Q 71. Rxa1 Rxa1 {KR-KP} 72. Kf4 Rf1 73. Kxf5 Rxf3+ {[%mdl 64] Double Attack. KR-K3P} 74. Kg5 Kc6 75. Kxh5 Rxg3 {KR-KPP} 76. Kh6 Kd5 77. h5 Kxe5 78. Kh7 Kf6 79. h6 Rg6 80. Kh8 Rxh6+ 81. Kg8 Rh1 82. Kf8 Rh8# {Accuracy: White = 39%, Black = 48%.} 0-1

[Event "SVK ECo-C Extraliga 2018-19"]
[Site "Slovakia"]
[Date "2019.03.09"]
[Round "7.1"]
[White "Saric, Ivan"]
[Black "Babula, Vlastimil"]
[Result "1-0"]
[WhiteElo "2703"]
[BlackElo "2541"]
[Annotator "TA"]
[PlyCount "75"]
[EventDate "2018.11.10"]
[EventType "team-tourn"]
[EventCountry "SVK"]
[SourceTitle "playchess.com"]
[Source "ChessBase"]
[SourceQuality "1"]
[WhiteTeam "Modra"]
[BlackTeam "Snina"]

{[%evp 15,75,65,58,29,26,22,33,27,20,0,0,0,0,0,0,0,0,0,0,-27,-28,-30,-27,-45,-28,-39,-25,-57,-23,-23,-18,-20,-28,-26,-25,-18,-18,-21,-16,-23,-34,-23,1,8,237,228,223,216,206,241,248,231,225,209,395,390,455,366,488,498,1068,1027]} 1. e4 c5 2. Nf3 e6 3. d4 cxd4 4. Nxd4 a6 5. Bd3 Bc5 6. Nb3 Ba7 7. O-O Nc6 8. Qg4 Qf6 {LiveBook: 27 Games. B42: Sicilian: Kan Variation: 5 Bd3} 9. Qg3 (9. Nc3 {keeps more tension.} Nge7 10. Bg5 Qg6 11. Qh4 f6 12. Bf4) (9. Nc3 Nge7 10. Kh1 O-O 11. f4 d5 12. a3 dxe4 13. Nxe4 Qh6 14. Nd6 Nf5 15. Nxc8 Raxc8 16. Bd2 {0-1 (49) Hansen,E (2629)-Jobava,B (2634) Batumi 2018}) 9... Qg6 10. Bf4 Qxg3 $146 {The position is equal.} ({Predecessor:} 10... Nf6 11. Nc3 Nh5 12. Qxg6 hxg6 13. Bd6 Bb8 14. Bxb8 Rxb8 15. Rfe1 d6 16. Rad1 {0-1 (44) Guadalupe,F (2214)-Bartell,T (2410) Rockville 2012}) 11. Bxg3 Ke7 12. N1d2 d6 13. Kh1 e5 14. f4 Nh6 15. h3 f6 16. Bc4 Nb4 17. c3 Nc2 $1 18. Rac1 $1 {[%cal Rc1c2]} Ne3 19. Rf3 Nxc4 20. Nxc4 Be6 21. Nca5 Rhc8 22. Nxb7 Rab8 23. Nxd6 Kxd6 24. fxe5+ fxe5 {Strongly threatening ...Nf7.} 25. Rd1+ Ke7 {[#] White must now prevent ...Nf7.} 26. Bxe5 {And now Bd6+ would win.} Bxb3 27. axb3 Rxb3 28. Bxg7 Rc6 29. e5 {Threatens to win with Rf6.} Rbb6 $2 (29... Ng8 $11 {and Black has nothing to worry.}) 30. Bf6+ $1 $18 Ke6 {[#]} 31. Bd8 $1 Ng8 32. Bxb6 Rxb6 33. Rf8 Ne7 34. b4 Nf5 $2 (34... Ng6 35. Re8+ Ne7) 35. g4 Ne3 36. Rd6+ Kxe5 37. Rd7 $1 {[%csl LRa7,LRh7]} Rb8 (37... Rh6 $142 38. Re7+ Kd5 39. Rxa7 Rxh3+ 40. Kg1 Nxg4 41. c4+ Ke5) 38. Re7+ {Precision: White = 75%, Black = 63%.} 1-0

[Event "SVK ECo-C Extraliga 2018-19"]
[Site "Slovakia"]
[Date "2019.03.09"]
[Round "7.1"]
[White "Kacper, GM Piorun"]
[Black "Gabor, GM Papp"]
[Result "1/2-1/2"]
[WhiteElo "2634"]
[BlackElo "2599"]
[Annotator "TA"]
[PlyCount "25"]
[EventDate "2018.11.10"]
[EventType "team-tourn"]
[EventCountry "SVK"]
[SourceTitle "playchess.com"]
[Source "ChessBase"]
[SourceQuality "1"]
[WhiteTeam "1"]
[BlackTeam "2"]

{[%evp 19,25,0,0,0,0,-19,-25,-37]} 1. e4 e5 2. Nf3 Nf6 3. Nxe5 d6 4. Nf3 Nxe4 5. Nc3 Nxc3 6. dxc3 Be7 7. Be3 O-O 8. Qd2 Nd7 9. O-O-O c6 10. Bd3 d5 {LiveBook: 11 Games} 11. Rde1 $146 {C42: Petroff Defence: 3 Nxe5 and unusual White 3rd moves} ({Predecessor:} 11. h4 Nf6 12. Bg5 Re8 13. Rde1 Be6 14. Nd4 Bd7 15. f3 Bf8 16. Rxe8 Bxe8 17. g4 Bd7 18. Bf5 Be8 {½-½ (63) Inarkiev,E (2693)-Bu,X (2726) China 2018}) 11... Nc5 12. Bxc5 Bxc5 13. h4 1/2-1/2

[Event "SVK ECo-C Extraliga 2018-19"]
[Site "Slovakia"]
[Date "2019.03.09"]
[Round "7.1"]
[White "Piorun, Kacper"]
[Black "Papp, Gabor"]
[Result "1/2-1/2"]
[WhiteElo "2634"]
[BlackElo "2599"]
[Annotator "TA"]
[PlyCount "39"]
[EventDate "2018.11.10"]
[EventType "team-tourn"]
[EventCountry "SVK"]
[SourceTitle "playchess.com"]
[Source "ChessBase"]
[SourceQuality "1"]
[WhiteTeam "Dunajov"]
[BlackTeam "Slovan"]

{[%evp 19,39,0,0,-7,0,-13,-14,-39,-37,-52,-35,-43,-32,-38,-41,-39,-14,-34,-18,-22,-26,-32]} 1. e4 e5 2. Nf3 Nf6 3. Nxe5 d6 4. Nf3 Nxe4 5. Nc3 Nxc3 6. dxc3 Be7 7. Be3 O-O 8. Qd2 Nd7 9. O-O-O c6 10. Bd3 d5 11. Rde1 $146 {C42: Petroff Defence: 3 Nxe5 and unusual White 3rd moves} ({Predecessor:} 11. h4 Nf6 12. Bg5 Re8 13. Rde1 Be6 14. Nd4 Bd7 15. f3 Bf8 16. Rxe8 Bxe8 17. g4 Bd7 18. Bf5 Be8 {½-½ (63) Inarkiev,E (2693)-Bu,X (2726) China 2018}) 11... Nc5 12. Bxc5 Bxc5 13. h4 {The position is equal.} Qf6 14. Nd4 Bd6 {[#] ...Bf4 is the strong threat.} 15. g3 Bd7 16. Re3 {[%cal Be1e3,Be3f3,Bf3f5][%mdl 32]} Rae8 17. Rf3 Qe5 18. Nf5 Bxf5 19. Rxf5 Qe6 20. Kb1 1/2-1/2

[Event "SVK ECo-C Extraliga 2018-19"]
[Site "Slovakia"]
[Date "2019.03.09"]
[Round "7.1"]
[White "Erdos, Viktor"]
[Black "Ponizil, Cyril"]
[Result "*"]
[WhiteElo "2612"]
[BlackElo "2491"]
[Annotator "TA"]
[PlyCount "29"]
[EventDate "2018.11.10"]
[EventType "team-tourn"]
[EventCountry "SVK"]
[SourceTitle "playchess.com"]
[Source "ChessBase"]
[SourceQuality "1"]
[WhiteTeam "Streda"]
[BlackTeam "Dubnica"]

{[%evp 12,29,18,7,22,16,12,10,10,10,36,0,17,0,0,5,27,26,16,-14]} 1. e4 c5 2. Nf3 d6 3. d4 Nf6 4. Nc3 cxd4 5. Nxd4 e5 6. Nf3 Be7 7. Bc4 Be6 {B56: Classical Sicilian: Unusual Lines} (7... O-O 8. h3 Be6 9. Bb3 h6 10. O-O Nbd7 11. Be3 a6 12. Nh4 Bxb3 13. axb3 Nxe4 14. Nxe4 Bxh4 15. Nxd6 {½-½ (56) Chigaev,M (2578)-Hauchard,A (2550) Pardubice 2017}) 8. Bb3 O-O 9. O-O h6 10. Re1 Nbd7 11. Nd5 $146 ({Predecessor:} 11. h3 Nc5 12. Bxe6 fxe6 13. Qe2 a6 14. a4 Rc8 15. a5 {1-0 (33) Bulmaga,I (2420)-De Lisa,C (1659) Paleochora 2018}) 11... Rc8 12. c3 Nxd5 13. Bxd5 Qb6 14. Bxe6 fxe6 15. Qe2 *

[Event "SVK ECo-C Extraliga 2018-19"]
[Site "Slovakia"]
[Date "2019.03.09"]
[Round "7.1"]
[White "Cvek, Robert"]
[Black "Leniart, Arkadiusz"]
[Result "1-0"]
[WhiteElo "2512"]
[BlackElo "2498"]
[Annotator "ChessBase"]
[PlyCount "117"]
[EventDate "2018.11.10"]
[EventType "team-tourn"]
[EventCountry "SVK"]
[SourceTitle "playchess.com"]
[Source "ChessBase"]
[SourceQuality "1"]
[WhiteTeam "Osuske"]
[BlackTeam "Prakovce"]
[TimeControl "40/5400+30:1800+30"]

1. Nf3 {[%emt 0:00:00]} d5 {[%emt 0:00:00]} 2. e3 {[%emt 0:00:00]} Nf6 {[%emt 0:01:27]} 3. c4 {[%emt 0:00:13]} c6 {[%emt 0:02:25]} 4. Nc3 {[%emt 0:00:44]} g6 {[%emt 0:01:44]} 5. d4 {[%emt 0:00:47]} Bg7 {[%emt 0:00:34]} 6. Be2 {[%emt 0:00:16]} O-O {[%emt 0:00:40]} 7. O-O {[%emt 0:00:09]} Bg4 {[%emt 0:05:02]} 8. Qb3 {[%emt 0:05:48]} Qb6 {[%emt 0:02:27]} 9. cxd5 {[%emt 0:04:08]} Qxb3 {[%emt 0:01:04]} 10. axb3 {[%emt 0:00:07]} Nxd5 {[%emt 0:01:50]} 11. Nxd5 {[%emt 0:01:27]} cxd5 {[%emt 0:00:07]} 12. h3 {[%emt 0:00:37]} Bxf3 {[%emt 0:10:16]} 13. Bxf3 {[%emt 0:00:40]} Rd8 {[%emt 0:01:25]} 14. b4 {[%emt 0:06:34]} e5 {[%emt 0:32:53]} 15. b5 {[%emt 0:00:18]} e4 {[%emt 0:03:33]} 16. Bd1 {[%emt 0:02:03]} Nd7 {[%emt 0:03:11]} 17. Bb3 {[%emt 0:00:16]} Nf6 {[%emt 0:02:22]} 18. Bd2 {[%emt 0:01:25]} b6 {[%emt 0:02:04]} 19. Rfc1 {[%emt 0:01:45]} Rd7 {[%emt 0:00:31]} 20. Rc6 {[%emt 0:01:24]} Rad8 {[%emt 0:00:09]} 21. Rac1 {[%emt 0:04:25]} Ne8 {[%emt 0:01:14]} 22. Rc8 {[%emt 0:04:26]} Bf8 {[%emt 0:01:31]} 23. Be1 {[%emt 0:04:24]} Kg7 {[%emt 0:02:26]} 24. R8c6 {[%emt 0:06:39]} Be7 {[%emt 0:04:37]} 25. Kf1 {[%emt 0:00:22]} Rb7 {[%emt 0:02:04]} 26. Ke2 {[%emt 0:00:36]} Rbd7 {[%emt 0:02:51]} 27. Rc8 {[%emt 0:04:03]} f5 {[%emt 0:06:08]} 28. Rxd8 {[%emt 0:01:28]} Rxd8 {[%emt 0:01:29]} 29. f3 {[%emt 0:00:29]} exf3+ {[%emt 0:03:21]} 30. gxf3 {[%emt 0:01:24]} Rd7 {[%emt 0:00:53]} 31. Rc8 {[%emt 0:05:47]} Nc7 {[%emt 0:00:45]} 32. Bg3 {[%emt 0:03:18]} Ne6 {[%emt 0:02:31]} 33. Rc6 {[%emt 0:04:46]} Kf7 {[%emt 0:00:17]} 34. Kd3 {[%emt 0:16:03]} f4 {[%emt 0:00:58]} 35. Bxf4 {[%emt 0:04:17]} Nxf4+ {[%emt 0:00:05]} 36. exf4 {[%emt 0:00:09]} Bd8 {[%emt 0:00:52]} 37. Kc3 {[%emt 0:09:35]} Ke7 {[%emt 0:00:48]} 38. f5 {[%emt 0:00:24]} Rd6 {[%emt 0:01:04]} 39. fxg6 {[%emt 0:01:16]} hxg6 {[%emt 0:00:07]} 40. Rc8 {[%emt 0:01:06]} g5 {[%emt 0:01:08]} 41. Kd3 {[%emt 0:32:46]} Ke6 {[%emt 0:07:04]} 42. Ke3 {[%emt 0:00:00]} Rd7 {[%emt 0:00:37]} 43. Bc2 {[%emt 0:00:00]} Bc7 {[%emt 0:04:40]} 44. Bg6 {[%emt 0:00:00]} Bf4+ {[%emt 0:03:49]} 45. Kd3 {[%emt 0:00:00]} Rc7 {[%emt 0:02:04]} 46. Rd8 {[%emt 0:00:00]} Rc4 {[%emt 0:08:46]} 47. Bh5 {[%emt 0:00:00]} Rb4 {[%emt 0:00:29]} 48. Bg4+ {[%emt 0:00:00]} Ke7 {[%emt 0:02:08]} 49. Rxd5 {[%emt 0:00:00]} Rxb2 {[%emt 0:00:08]} 50. Ke4 {[%emt 0:00:00]} Bd2 {[%emt 0:00:53]} 51. Kf5 {[%emt 0:00:00]} Rb4 {[%emt 0:02:10]} 52. Kg6 {[%emt 0:00:00]} Ke8 {[%emt 0:00:35]} 53. Bd7+ {[%emt 0:00:00]} Ke7 {[%emt 0:00:25]} 54. Bc6 {[%emt 0:00:00]} Ke6 {[%emt 0:00:40]} 55. Rd8 {[%emt 0:00:00]} Bc3 {[%emt 0:01:59]} 56. d5+ {[%emt 0:00:00]} Ke5 {[%emt 0:00:55]} 57. d6 {[%emt 0:00:01]} Rf4 {[%emt 0:00:48]} 58. d7 {[%emt 0:00:59]} Rf6+ {[%emt 0:00:07]} 59. Kh5 {[%emt 0:00:48] Kd5 [%emt 00:00:43]} 1-0

[Event "SVK ECo-C Extraliga 2018-19"]
[Site "Slovakia"]
[Date "2019.03.09"]
[Round "7.1"]
[White "Ponizil, Cyril"]
[Black "Erdos, Viktor"]
[Result "1/2-1/2"]
[WhiteElo "2491"]
[BlackElo "2612"]
[Annotator "TA"]
[PlyCount "42"]
[EventDate "2018.11.10"]
[EventType "team-tourn"]
[EventCountry "SVK"]
[SourceTitle "playchess.com"]
[Source "ChessBase"]
[SourceQuality "1"]
[WhiteTeam "Dubnica"]
[BlackTeam "Streda"]

{[%evp 12,42,13,16,18,7,16,8,18,4,35,0,0,-4,-7,0,10,12,18,0,0,-7,0,0,0,0,6,0,0,0,0,0,4]} 1. e4 c5 2. Nf3 d6 3. d4 Nf6 4. Nc3 cxd4 5. Nxd4 e5 6. Nf3 Be7 7. Bc4 Be6 {B56: Classical Sicilian: Unusual Lines} (7... O-O 8. h3 Be6 9. Bb3 h6 10. O-O Nbd7 11. Be3 a6 12. Nh4 Bxb3 13. axb3 Nxe4 14. Nxe4 Bxh4 15. Nxd6 {½-½ (56) Chigaev,M (2578)-Hauchard,A (2550) Pardubice 2017}) 8. Bb3 O-O 9. O-O h6 10. Re1 Nbd7 11. Nd5 $146 ({Predecessor:} 11. h3 Nc5 12. Bxe6 fxe6 13. Qe2 a6 14. a4 Rc8 15. a5 {1-0 (33) Bulmaga,I (2420)-De Lisa,C (1659) Paleochora 2018}) 11... Rc8 {The position is equal.} 12. c3 Nxd5 13. Bxd5 Qb6 14. Bxe6 fxe6 15. Qe2 Qc6 16. h3 Bd8 17. Bd2 b5 18. Rad1 Qc4 19. Be3 Be7 20. Nd2 Qxe2 ({But not} 20... Qxa2 $2 21. Qxb5 Nc5 22. Ra1 $18 {[%mdl 64] Trapped Piece}) 21. Rxe2 a6 {Accuracy: White = 65%, Black = 55%.} 1/2-1/2

[Event "SVK ECo-C Extraliga 2018-19"]
[Site "Slovakia"]
[Date "2019.03.09"]
[Round "7.1"]
[White "Pechac, Jergus"]
[Black "Aczel, Gergely"]
[Result "0-1"]
[WhiteElo "2470"]
[BlackElo "2542"]
[Annotator "ChessBase"]
[PlyCount "82"]
[EventDate "2018.11.10"]
[EventType "team-tourn"]
[EventCountry "SVK"]
[SourceTitle "playchess.com"]
[Source "ChessBase"]
[SourceQuality "1"]
[WhiteTeam "Zilina"]
[BlackTeam "Podhajska"]
[TimeControl "40/5400+30:1800+30"]

1. d4 {[%emt 0:00:00]} Nf6 {[%emt 0:00:00]} 2. c4 {[%emt 0:00:00]} e6 {[%emt 0:00:00]} 3. Nf3 {[%emt 0:00:00]} d5 {[%emt 0:00:00]} 4. g3 {[%emt 0:00:00]} Nbd7 {[%emt 0:00:00]} 5. Nbd2 {[%emt 0:00:02]} Be7 {[%emt 0:00:05]} 6. Bg2 {[%emt 0:00:07]} O-O {[%emt 0:00:07]} 7. O-O {[%emt 0:00:03]} b6 {[%emt 0:00:12]} 8. b3 {[%emt 0:00:36]} Bb7 {[%emt 0:00:33]} 9. Bb2 {[%emt 0:00:09]} c5 {[%emt 0:00:22]} 10. cxd5 {[%emt 0:00:45]} exd5 {[%emt 0:03:57]} 11. Nh4 {[%emt 0:00:18]} Re8 {[%emt 0:00:54]} 12. Nf5 {[%emt 0:05:01]} Bf8 {[%emt 0:00:32]} 13. Nc4 {[%emt 0:01:25]} Qc7 {[%emt 0:29:40]} 14. Nce3 {[%emt 0:03:39]} g6 {[%emt 0:02:32]} 15. Nh4 {[%emt 0:04:39]} Rad8 {[%emt 0:09:13]} 16. Qd2 {[%emt 0:16:36]} Ne4 {[%emt 0:20:23]} 17. Bxe4 {[%emt 0:20:41]} Rxe4 {[%emt 0:00:02]} 18. dxc5 {[%emt 0:00:37]} d4 {[%emt 0:14:39]} 19. Nc4 {[%emt 0:27:12]} bxc5 {[%emt 0:01:19]} 20. f3 {[%emt 0:00:14]} Re6 {[%emt 0:00:39]} 21. e4 {[%emt 0:00:37]} Nb6 {[%emt 0:02:49]} 22. Na5 {[%emt 0:01:43]} Ba6 {[%emt 0:02:21]} 23. Rfe1 {[%emt 0:02:05]} c4 {[%emt 0:05:08]} 24. bxc4 {[%emt 0:00:09]} Nxc4 {[%emt 0:00:02]} 25. Nxc4 {[%emt 0:00:08]} Qxc4 {[%emt 0:00:05]} 26. Nf5 {[%emt 0:02:00]} Qb4 {[%emt 0:03:02]} 27. Nh6+ {[%emt 0:08:44]} Kg7 {[%emt 0:00:06]} 28. Qg5 {[%emt 0:00:04]} f6 {[%emt 0:00:28]} 29. Qg4 {[%emt 0:00:04]} Qxb2 {[%emt 0:02:24]} 30. Qxe6 {[%emt 0:01:59]} Bc8 {[%emt 0:00:45]} 31. Qf7+ {[%emt 0:05:06]} Kxh6 {[%emt 0:00:01]} 32. Rab1 {[%emt 0:00:17]} Qa3 {[%emt 0:00:59]} 33. Qxf6 {[%emt 0:00:57]} Be7 {[%emt 0:00:26]} 34. Qf4+ {[%emt 0:00:31]} Bg5 {[%emt 0:00:18]} 35. Qf7 {[%emt 0:00:30]} Rf8 {[%emt 0:00:40]} 36. Rb3 {[%emt 0:00:13]} Be3+ {[%emt 0:01:42]} 37. Kh1 {[%emt 0:00:48]} Rxf7 {[%emt 0:00:20]} 38. Rxa3 {[%emt 0:00:10]} Rxf3 {[%emt 0:00:10]} 39. Rxa7 {[%emt 0:00:15]} Rf2 {[%emt 0:01:37]} 40. Ra3 {[%emt 0:00:24]} Bh3 {[%emt 0:00:18]} 41. Rexe3 {[%emt 0:30:09]} Rf1# 0-1